Dodaj początek do słowa „grać” - tak, aby powstał nowy wyraz. - Statystyki

Ogólne statystyki
  • Ten quiz został rozwiązany 101 razy
  • Średni wynik to 3 z 7
Statystyki odpowiedzi
Odpowiedź % Poprawnych
Wygrać
93%
Przegrać
75%
Nagrać
58%
Odegrać
40%
Rozegrać
32%
Zgrać
32%
Igrać
15%
Nie znaleziono quizów pasujących do podanych kryteriów
Rozkład punktacji
Procent ludzi z każdym wynikiem
Percentyl według liczby udzielonych odpowiedzi
Twoja historia wyników
Nie rozwiązałeś tego quizu